01161nam a2200313 a 45000010005000000030008000050050017000130080041000300350018000710400039000890410008001280820024001361000023001601110067001832450154002502460039004042460016004432600058004593000029005174900033005465000021005796500045006006500026006456500072006716500027007437000021007707000024007918300032008159769BD-RjUL20211208234832.0170516s1968 nyuar 1 0 0eng d a(BD-RUCL)9814 aDLCbengcBD-RUCLdBD-RjULdMnMULS aeng04a539.7bPES 19682231 aPerlmutter, Arnold2 aCoral Gables Conference on Symmetry Principles at High Energy.10aSymmetry Principles at High Energy :bFifth Coral Gables Conference, January 24-26, 1968 /cArnold Perlmutter, C. Angas Hurst, and Behram Kursunoglu.30aSymmetry principles at high energy30aProceedings aSan Francisco :bW.H. Freeman and Co.,c[c1964]-1968. a383 p. :bill. ;c24 cm.1 aA Series of books in physics aIncludes index.  0aParticles (Nuclear physics)vCongresses. 0aSymmetryvCongresses. 6aParticules (Physique nucléaire)xDiscours, essais, conférences. 6aSymétriexCongrès. aHurst, C. Angas  aKursunoglu, Behram  0aSeries of books in physics.